000 01897nam a22003737a 4500
001 42835
003 gtgccic
005 20250801120121.0
007 ta
008 250801b mx ||||| |||| 00| 0 spa d
020 _a9789682475528
028 _b158
040 _agtgccic
_bspa
_cgtgccic
_dgtgccic
_erda
082 _a691 G245
100 1 _aGaspar de la Garza
_eAutor
245 _aMateriales y construcción /
_cGarza, Gaspar de la
250 _a2da.
264 _aMéxico :
_bEditorial Trillas ;
_c2007.
300 _a149 p. :
_bil. ;
_c27 cm
336 _2rdacontenido
_atexto
_btxt
337 _2rdamedio
_asin mediación
_bn
338 _2rdasoporte
_avolumen
_bnc
505 _tCap. 1. ESTUDIOS PRELIMINARES
505 _tCap. 2. TRABAJOS INICIALES DE LA CONSTRUCCIÓN
505 _tCap. 3. TRASMISIÓN DE CARGAS A LA CIMENTACIÓN
505 _tCap. 4. ESTRUCTURAS
505 _tCap. 5. APLICACIÓN DE MATRIALES EN LA OBRA
505 _tCap. 6. ESPECIFICACIONES DE CONSTRUCCIÓN
505 _tTABLAS DE ESPECIFICACIONES DE MATERIALES DE ACERO
505 _tApéndice. CÁLCULOS DE LOSAS
520 _aEste texto de consulta y actualización, es una herramienta teórico práctica de gran valor, porque apoya el desarrollo de los estudiantes, técnicos y profesionales de la ingeniería, ya que aclara la mayoría de las dudas que surgen al proyectar y construir una obra. El texto contiene los conocimientos necesarios para inciar y guiar una obra, desde el estudio general del predio, los requisitos para elaborar el proyecto arquitectónico, los trabajos iniciales y la cimentación, hasta las estructuras, la selección y uso de los materiales, así como algunas especificaciones de construcción. El libro trata con objetividad y sencillez casi todos los aspectos de interés para el personal que trabaja en dicho ramo.
942 _2ddc
_cBK
_n0
945 _aamlo
999 _c761
_d761